|
|
|
|
| LEADER |
00000nam0a2200000 4500 |
| 001 |
321983 |
| 005 |
20231102003429.0 |
| 035 |
|
|
|a (RuTPU)RU\TPU\book\347539
|
| 090 |
|
|
|a 321983
|
| 100 |
|
|
|a 20160913d1940 m y0rusy50 ca
|
| 101 |
0 |
|
|a rus
|
| 102 |
|
|
|a RU
|
| 105 |
|
|
|a a z 000zy
|
| 200 |
1 |
|
|a Как заряжать и взрывать шпуры в угольных шахтах, опасных по газу или пыли
|f А. Г. Суворов
|g под ред. М. А. Щедрина
|
| 210 |
|
|
|a Харьков
|c Государственное научно-техническое издательство нефтяной и горно-топливной литературы
|d 1940
|
| 215 |
|
|
|a 47 с.
|c ил.
|
| 606 |
1 |
|
|a Взрывное дело
|2 stltpush
|3 (RuTPU)RU\TPU\subj\2379
|9 30955
|
| 610 |
1 |
|
|a шпуры
|
| 610 |
1 |
|
|a взрывание
|
| 610 |
1 |
|
|a заряжение
|
| 610 |
1 |
|
|a взрывобезопасность
|
| 610 |
1 |
|
|a угольные шахты
|
| 610 |
1 |
|
|a взрывчатые вещества
|
| 675 |
|
|
|a 622.235
|v 4
|
| 700 |
|
1 |
|a Суворов
|b А. Г.
|
| 702 |
|
1 |
|a Щедрин
|b М. А.
|4 340
|
| 801 |
|
1 |
|a RU
|b 63413507
|c 20160913
|
| 801 |
|
2 |
|a RU
|b 63413507
|c 20200113
|g RCR
|
| 942 |
|
|
|c BK
|